Sports Quiz

Random Sports or NBA Quiz

NBA West All-Stars (2000s) Quiz Stats

 Plays Quiz Updated Nov 5, 2018

Support Sporcle.
Go Orange.
Score 0/119 Timer 06:00
3 Plays Today
Year Player % Correct
2009Kobe Bryant
99.6%
2008Kobe Bryant
99.6%
2007Kobe Bryant
99.6%
2006Kobe Bryant
99.6%
2005Kobe Bryant
99.6%
2004Kobe Bryant
99.6%
2003Kobe Bryant
99.6%
2002Kobe Bryant
99.6%
2001Kobe Bryant
99.6%
2000Kobe Bryant
99.6%
2009Tim Duncan
97.8%
2008Tim Duncan
97.8%
2007Tim Duncan
97.8%
2006Tim Duncan
97.8%
2005Tim Duncan
97.8%
2004Tim Duncan
97.8%
2003Tim Duncan
97.8%
2002Tim Duncan
97.8%
2001Tim Duncan
97.8%
2000Tim Duncan
97.8%
2008Steve Nash
96.4%
2006Steve Nash
96.4%
2005Steve Nash
96.4%
2003Steve Nash
96.4%
2002Steve Nash
96.4%
2009Dirk Nowitzki
95%
2008Dirk Nowitzki
95%
2007Dirk Nowitzki
95%
2006Dirk Nowitzki
95%
2005Dirk Nowitzki
95%
2004Dirk Nowitzki
95%
2003Dirk Nowitzki
95%
2002Dirk Nowitzki
95%
2009Tony Parker
94.4%
2007Tony Parker
94.4%
2006Tony Parker
94.4%
2009Shaquille O'Neal
93.9%
2004Shaquille O'Neal
93.9%
2003Shaquille O'Neal
93.9%
2000Shaquille O'Neal
93.9%
Year Player % Correct
2007Kevin Garnett
93.3%
2006Kevin Garnett
93.3%
2005Kevin Garnett
93.2%
2004Kevin Garnett
93.2%
2003Kevin Garnett
93.2%
2002Kevin Garnett
93.2%
2001Kevin Garnett
93.2%
2000Kevin Garnett
93.2%
2008Carmelo Anthony
91.1%
2007Carmelo Anthony
91.1%
2009Yao Ming
90.7%
2008Yao Ming
90.7%
2006Yao Ming
90.7%
2005Yao Ming
90.7%
2004Yao Ming
90.7%
2003Yao Ming
90.7%
2009Chris Paul
88.6%
2008Chris Paul
88.6%
2007Tracy McGrady
86.3%
2006Tracy McGrady
86.3%
2005Tracy McGrady
86.3%
2009Pau Gasol
85.6%
2006Pau Gasol
85.6%
2009Amare Stoudemire
85%
2008Amare Stoudemire
85%
2007Amare Stoudemire
85%
2005Amare Stoudemire
85%
2001Karl Malone
78.1%
2000Karl Malone
78.1%
2007Ray Allen
77.8%
2006Ray Allen
77.8%
2005Ray Allen
77.8%
2004Ray Allen
77.7%
2002Chris Webber
77.4%
2001Chris Webber
77.4%
2000Chris Webber
77.4%
2005Manu Ginobili
76.7%
2003Gary Payton
75.6%
2002Gary Payton
75.6%
2001Gary Payton
75.6%
Year Player % Correct
2000Gary Payton
75.6%
2008Allen Iverson
73%
2001David Robinson
71.9%
2000David Robinson
71.9%
2009Brandon Roy
71.3%
2008Brandon Roy
71.3%
2007Shawn Marion
69.9%
2006Shawn Marion
69.9%
2005Shawn Marion
69.9%
2003Shawn Marion
69.9%
2001Jason Kidd
69.6%
2000Jason Kidd
69.6%
2000John Stockton
67.4%
2009David West
63.6%
2008David West
63.6%
2004Peja Stojakovic
58%
2003Peja Stojakovic
58%
2002Peja Stojakovic
58%
2006Elton Brand
57.3%
2002Elton Brand
57.3%
2008Carlos Boozer
56.5%
2009Chauncey Billups
55.9%
2004Steve Francis
55.8%
2003Steve Francis
55.8%
2002Steve Francis
55.8%
2001Rasheed Wallace
47.7%
2000Rasheed Wallace
47.7%
2005Rashard Lewis
46.8%
2001Vlade Divac
45.6%
2004Andrei Kirilenko
44.1%
2004Sam Cassell
43.1%
2007Josh Howard
41.4%
2003Stephon Marbury
41.2%
2001Michael Finley
41%
2000Michael Finley
41%
2004Brad Miller
32.7%
2007Mehmet Okur
31.7%
2002Wally Szczerbiak
21.6%
2001Antonio McDyess
17.8%

You're not logged in!

Compare scores with friends on all Sporcle quizzes.
OR
Log In
Forgot?

From the Vault

Technically Correct Movie Titles

by Bolafssonify

Movies 3m
This is one quiz where it pays off to know the correct punctuation.
Remove Ads.
Support Sporcle.
Get the best of Sporcle when you Go Orange. This ad-free experience offers more features, more stats, and more fun while also helping to support Sporcle. Thank you for becoming a member.

Show Comments

Extras

Top Quizzes Today


Score Distribution

Your Account Isn't Verified!

In order to create a playlist on Sporcle, you need to verify the email address you used during registration. Go to your Sporcle Settings to finish the process.

Report this User

Report this user for behavior that violates our Community Guidelines.

Details: